| 000 | 00314 a2200133 4500 | ||
|---|---|---|---|
| 999 |
_c322021 _d322021 |
||
| 001 | 86948 | ||
| 003 | NUST | ||
| 005 | 20180124095801.0 | ||
| 008 | 180124b xxu||||| |||| 00| 0 eng d | ||
| 082 | _a006.3 ENG | ||
| 100 |
_aEngelbrect A _99653 |
||
| 245 |
_aComputational Intelligence _hEnglish |
||
| 250 | _a2nd | ||
| 260 |
_aUSA _bJhon Wiley & Sons _c2007 |
||
| 300 | _axxx, 598p. | ||
| 942 |
_aCAE NUST _cBK _k006.3 ENG _2ddc |
||